00579pab a2200181 454500008004000000100002300040245009400063260000900157300001600166362001100182650002000193650001200213773003400225908000600259909001000265999001700275952010500292180718b2007 xxu||||| |||| 00| 0 eng d aSharma, Jyotrimaya aHistory and revenge and retaliation: rereading Savarkar's the war of independence of 1857 c2007 ap.1717-719. a12 May aIndia - History aHistory aEconomic and Political Weekly aN a73997 c73997d73997 00104070aIIPAbIIPAd2018-07-19hVolume no: 42, Issue no: 19pAR74457r2018-07-19w2018-07-19yAR